Welcome to the Holygrace Academy Library

Please use search bar below to get started

BABYSITTERS LITTLE SISTER # 19 (Record no. 476)

MARC details
000 -LEADER
fixed length control field 00442nam a22001457a 4500
020 ## - INTERNATIONAL STANDARD BOOK NUMBER
ISBN 0-590-43641-4
082 ## - DEWEY DECIMAL CLASSIFICATION NUMBER
Classification number 823
Item number MAR/K
100 ## - MAIN ENTRY--AUTHOR NAME
Personal name ANN M MARTIN
245 ## - TITLE STATEMENT
Title BABYSITTERS LITTLE SISTER # 19
260 ## - PUBLICATION, DISTRIBUTION, ETC. (IMPRINT)
Place of publication USA
Name of publisher SCHOLASTICS
Year of publication 1991
300 ## - PHYSICAL DESCRIPTION
Number of Pages 98
520 ## - SUMMARY, ETC.
Summary, etc AMANDA'S FAMILY IS MOVING AWAY. HANNIE THINKS THIS FUNNY. BUT KAREN IS SO SAD. HOW CAN SHE SAY GOOD-BYE TO ONE OF HER BEST FRIENDS?
650 ## - SUBJECT ADDED ENTRY--TOPICAL TERM
Topical Term KAREN'S GOOD-BYE
942 ## - ADDED ENTRY ELEMENTS (KOHA)
Koha item type Books
Holdings
Withdrawn status Lost status Collection code Home library Current library Shelving location Date acquired Source of acquisition Full call number Accession Number Koha item type
    Fiction Main Library Main Library On Display 12/05/2009 purchase 823 MAR/K 03685 Books